|
|
|
|
| LEADER |
00000nab a2200000ua 4500 |
| 001 |
vtls010756963 |
| 003 |
SK-MaSNL |
| 005 |
20260304202304.0 |
| 008 |
250718s1954 xo |||||||||||||||||slo| |
| 035 |
|
|
|a (urnnbn)urn:nbn:sk:snk:ar-a03cu2
|
| 035 |
|
|
|a (uuid)76a6f6c9-e171-45ae-98c7-3aa91e734c6c
|
| 035 |
|
|
|a urn:nbn:sk:snk-ab57j5
|
| 040 |
|
|
|a SNKBUCL
|b slo
|c SNKBUCL
|e AACR2
|
| 041 |
0 |
|
|a slo
|
| 044 |
|
|
|a xo
|c SK
|
| 100 |
1 |
|
|a Slivka, O.
|4 aut
|9 1532099
|
| 245 |
1 |
0 |
|a Gyöngyössy A. a spol., Skúsenosti získané liečbou podľa Filatova
|c O. Slivka
|
| 773 |
0 |
|
|t Bratislavské lekárske listy
|g Roč. 34, č. 9 (1954), s. 1105-1106
|
| 850 |
|
|
|a Slovenská národná knižnica
|
| 852 |
|
|
|a Slovenská národná knižnica
|
| 954 |
|
|
|a odborná, vedecká literatúra pôvodná (slovenská)
|2 lita
|
| 958 |
|
|
|a article3
|
| 958 |
|
|
|a OND
|
| 958 |
|
|
|a EUIPO
|
| 999 |
|
|
|c 3101967
|d 3103897
|